书目信息 |
| 题名: |
大明旗号与小中华意识
|
|
| 作者: | 孙卫国 著 | |
| 分册: | ||
| 出版信息: | 北京 商务印书馆 2007 |
|
| 页数: | 11,490页 | |
| 开本: | 21cm | |
| 丛书名: | 中国社会历史与文化研究丛书 | |
| 单 册: | ||
| 中图分类: | D829.312 | |
| 科图分类: | ||
| 主题词: | 中朝关系--国际关系史--研究--1637-1800 , 中朝关系 , 国际关系史 | |
| 电子资源: | ||
| ISBN: | 978-7-100-05621-2 | |
| 000 | 01181oam2 2200289 450 | |
| 001 | 1240929016 | |
| 005 | 20121005112242.96 | |
| 010 | @a978-7-100-05621-2@dCNY32.00 | |
| 100 | @a20080509d2007 em y0chiy50 ea | |
| 101 | 0 | @achi |
| 102 | @aCN@b110000 | |
| 105 | @aa z 000yy | |
| 200 | 1 | @a大明旗号与小中华意识@Ada ming qi hao yu xiao zhong hua yi shi@e朝鲜王朝尊周思明问题研究,1637-1800@f孙卫国著 |
| 210 | @a北京@c商务印书馆@d2007 | |
| 215 | @a11,490页@c照片@d21cm | |
| 225 | 2 | @a中国社会历史与文化研究丛书 |
| 300 | @a本书出版得到南开大学“211工程”中国社会历史与文化研究项目资助 | |
| 330 | @a本书主旨为探讨朝鲜王朝尊周思明的原因,分析这种思想的表现及其对清韩关系的影响,阐明自号“小中华”的朝鲜王朝对中华文化的倾慕、利用之以建立其政权的正统性,并对清韩关系作出全面的检讨和重新解释。 | |
| 461 | 0 | @12001 @a中国社会历史与文化研究丛书 |
| 517 | 1 | @a朝鲜王朝尊周思明问题研究@Achao xian wang chao zun zhou si ming wen ti yan jiu |
| 606 | 0 | @a中朝关系@x国际关系史@x研究@z1637-1800 |
| 606 | 0 | @a中朝关系 |
| 606 | 0 | @a国际关系史 |
| 690 | @aD829.312@v4 | |
| 701 | 0 | @a孙卫国@Asun wei guo@f(1966~)@4著 |
| 801 | 0 | @aCN@bNLC@c20101222 |
| 905 | @a10447@dD829.312@eJY55 | |
| 大明旗号与小中华意识:朝鲜王朝尊周思明问题研究,1637-1800/孙卫国著.-北京:商务印书馆,2007 |
| 11,490页:照片;21cm.-(中国社会历史与文化研究丛书) |
| 本书出版得到南开大学“211工程”中国社会历史与文化研究项目资助 |
| ISBN 978-7-100-05621-2:CNY32.00 |
| 本书主旨为探讨朝鲜王朝尊周思明的原因,分析这种思想的表现及其对清韩关系的影响,阐明自号“小中华”的朝鲜王朝对中华文化的倾慕、利用之以建立其政权的正统性,并对清韩关系作出全面的检讨和重新解释。 |
| ● |
| 相关链接 |
|
|
|
|
正题名:大明旗号与小中华意识
索取号:D829.312/JY55
 
预约/预借
| 序号 | 登录号 | 条形码 | 馆藏地/架位号 | 状态 | 备注 |
| 1 | 7812665 | 278126653 | 学院路分馆/ [索取号:D829.312/JY55] | 在馆 | |
| 2 | 7812666 | 278126662 | 学院路分馆/ [索取号:D829.312/JY55] | 在馆 |